[Event "RUS-chT 06th"]
[Site "St Petersburg"]
[Date "1999.05.24"]
[Round "9"]
[White "Solovjov, Sergey"]
[Black "Akhmadeev, Vadim"]
[Result "1-0"]
[WhiteElo "2447"]
[BlackElo "2467"]
[Annotator "Ftacnik,L"]
[PlyCount "71"]
[EventDate "1999.05.16"]
[EventType "team-tourn"]
[EventRounds "9"]
[EventCountry "RUS"]
[SourceTitle "EXT 2020"]
[Source "ChessBase"]
[SourceDate "2019.10.17"]
[SourceVersion "1"]
[SourceVersionDate "2019.10.17"]
[SourceQuality "1"]
[WhiteTeam "Murmansk OShK"]
[BlackTeam "Kazan Sberbank-Tatarstan"]
[WhiteTeamCountry "RUS"]
[BlackTeamCountry "RUS"]

1. e4 {Gofshtein,L. Baburin} c5 2. Nf3 Nc6 (2... e6 {Gofshtein,L} 3. d4 cxd4 4.
Nxd4 Nf6 5. Nc3 d6 6. Be2 Be7 7. O-O O-O 8. f4 Nc6 9. Nb3 a6 10. a4 Qc7 11. Be3
b6 12. g4 Re8 13. g5 Nd7 14. Bf3 (14. Rf3 Bf8 (14... Rb8 15. Qe1 Nb4 16. Rc1
Bb7 17. Rh3 d5 18. Qh4 Nf8 19. f5 g6 $2 (19... dxe4 20. f6 Bc5 21. Nxc5 (21.
fxg7 Kxg7 22. Nxe4 Bxe3+ 23. Rxe3 $16) 21... bxc5 22. fxg7 Kxg7 23. Nxe4 Bxe4
24. Qxe4 $16) (19... exf5 20. exf5 Qe5 21. Nd4 Bc5 22. Rd1 Bxd4 23. Qxd4 Qxd4
24. Bxd4 Nxc2 25. Bf2 d4 26. Bxd4 Nxd4 27. Rxd4 Re5 $11) 20. f6 $18 {1-0
Colias,B-Vucic,M/Marshall CC Grand Pr 1991 (21)}) (14... Nb4 15. Rh3 d5 16.
exd5 exd5 17. Bd3 Nf8 18. f5 Bd6 $15 {1-0 Fernandez,M-Teran Alvarez,I/ESP-chT
1995/EXP 50 (32)}) (14... Bb7 15. Rh3 Nb4 16. Bd3 Nf8 17. Qe2 d5 $15 (17...
Rab8 18. Rc1 d5 $15 (18... Ba8 19. Bxa6 Nxa6 20. Qxa6 d5 21. e5 $16 {0-1
Bekiarisova,A-Kouvatsou,M/Calicut IND 1998 (69)}))) 15. Rh3 g6 (15... Nb4 16.
Bf1 g6 17. Qd2 f6 18. gxf6 Nxf6 19. Rg3 Nc6 20. Re1 Rb8 $132 {1-0 Mencinger,
V-Soln,P/Ljubljana SLO 1997 (41)}) 16. Qe1 Bg7 17. Qh4 Nf8 18. Rd1 Nb4 19. Rd2
d5 20. e5 Bd7 21. Ne4 b5 22. Nc1 Qd8 23. Nf2 h5 24. Bxh5 gxh5 25. Qxh5 Ng6 26.
Ng4 Qc7 27. Nf6+ Kf8 28. Qh7 Bh8 29. Rh6 Ke7 30. Rxg6 bxa4 31. Qg8 {1-0
Seirawan,Y-Achwanden,F/Zurich sim ,EXT 1988 (31)}) (14. Rf2 {Gofshtein,L} Bb7
15. Bf1 Nc5 16. Qh5 Nb4 17. Bg2 Nxc2 18. Rxc2 Nxb3 19. Ra3 Nc5 $17 {1/2-1/2
Checa,D-Maric,A/Seville (4) 1992 (38)}) 14... Rb8 15. Qe2 Na5 16. Nd2 Bb7 17.
Bg2 Rbc8 18. Qf2 Nc4 19. Nxc4 Qxc4 20. Rfd1 $132 {1-0 Ziska,B-Josephsen,N/
Aarhus 1988 (42)}) 3. Nc3 d6 4. d4 cxd4 5. Nxd4 Nf6 6. Bc4 Qb6 7. Nb3 e6 8. Be3
Qc7 9. O-O Be7 10. Be2 O-O 11. f4 a6 12. a4 b6 13. g4 Re8 14. g5 Nd7 15. Bf3
Rb8 16. Bg2 b5 {'+/-?' Gofshtein,L. Gofshtein,L: 'Black have stumbled on an
equal place.'} (16... Bb7 $132 {Gofshtein,L}) (16... Nc5 $132 {Gofshtein,L}) (
16... Na5 $132 {Gofshtein,L}) 17. axb5 axb5 18. Qe2 (18. Nd4 Nxd4 19. Qxd4 b4
20. Ra7 Rb7 $11) 18... Qb7 19. Nd4 {'<=>?' Gofshtein,L. Gofshtein,L:
'Answer-back courtesy...'} (19. Na5 $5 Nxa5 20. Rxa5 b4 21. e5 Qc7 (21... d5
22. Nxd5 (22. Nb5 {Gofshtein,L} Qc6 23. Rfa1 $16 (23. Nd4 Qc7 24. Rfa1 $16))
22... exd5 23. Bxd5 Qc7 24. Bxf7+ Kxf7 25. Qh5+ Kg8 (25... Kf8 26. e6) 26.
Qxe8+ Nf8 27. Ra7 Rb7 28. Ra8 Bf5 29. Rf2 $16) 22. Ra7 Qd8 23. exd6 Bxd6 24.
Ne4 $14) (19. e5 $1 dxe5 (19... d5 20. Qh5 Qc7 (20... b4 21. Nxd5 exd5 22. Bxd5
g6 (22... Rf8 23. Qf3 $18) 23. Bxf7+ $18) 21. Nxd5 (21. f5 g6 22. fxe6 fxe6 (
22... gxh5 23. exf7+ Kf8 24. g6 Bc5 25. g7+ Kxg7 26. fxe8=N+ $18) 23. Qg4 Ndxe5
$15) 21... exd5 22. e6 (22. Bxd5 Rf8 23. Be4 g6 24. Qh6 Bb7 25. e6 (25. Rf3
Rfd8 26. Rh3 Nf8 27. f5 Qxe5 28. f6 Bxf6 29. gxf6 Qxf6 30. Bg5 Qxb2 31. Bxd8
Rxd8 $15) 25... f5 26. Bd3 Nb6 $17) 22... Nde5 23. Bxd5 Bxe6 24. Bxe6 fxe6 25.
fxe5 Nxe5 26. Rf2 Ra8 27. Raf1 Rf8 28. Bf4 Rf5 29. Nd4 Bc5 30. Nxf5 exf5 31.
Qe2 Bxf2+ 32. Qxf2 Re8 33. Bg3 Qb7 (33... g6 34. Re1 $18 {[%csl Re5]}) 34. Qxf5
Nc4 35. Qf3 Qxf3 36. Rxf3 Nxb2 $11) 20. Na5 $18) 19... Nxd4 20. Bxd4 b4 21. e5
{White is obliged to act, otherwise black's counterplay will become too
efficient.} (21. Ra7 Qc6 $11) 21... d5 22. Nxd5 $5 {'-+??' Gofshtein,L.
Gofshtein,L: 'Consequences of wrong account of variations.'} (22. Nd1 {
Gofshtein,L} Qc7 23. Ne3 Bb7 24. Qh5 (24. Ng4 Ra8 25. Nf6+ (25. Rad1 Ba6 $19)
25... gxf6 26. gxf6 Bf8 $19) 24... Ra8 25. Rae1 Bc5 26. c3 bxc3 27. bxc3 Bxd4
28. cxd4 Qc3 29. f5 $132) 22... exd5 23. e6 Bc5 (23... fxe6 24. Qxe6+ Kh8 (
24... Kf8 25. Bxd5 $18) 25. Qf7 {'+-' Baburin.} Bf8 26. Qxe8 $18 (26. Bxd5 $18)
) (23... Nf8 $2 {Baburin} 24. exf7+ Kxf7 25. Qe5 $18) (23... Qc6 $2 {Gofshtein,
L} 24. exd7 (24. exf7+ Kxf7 25. Qh5+ Qg6 26. Bxd5+ Kf8 27. Qxg6 hxg6 $15) 24...
Bxd7 25. Qd3 $11) 24. exf7+ (24. Qf2 {Gofshtein,L} Bxd4 25. exf7+ Kxf7 26. Qxd4
Qb6 $19) 24... Kxf7 25. Qh5+ Kf8 (25... Ke7 26. Rfe1+ Kd6 27. Bxc5+ Nxc5 28.
Rxe8 $18) 26. Bxc5+ Nxc5 27. f5 (27. Qxh7 Qb6 28. f5 (28. Qh8+ {Gofshtein,L}
Kf7 29. Qh5+ Ke7 30. Rfe1+ Ne4+ 31. Kh1 Bb7 $19) 28... Ne4+ 29. Kh1 Nf2+ $17)
27... Re5 $2 {'+-??' Gofshtein,L. Black knight is so strong, that he might
have been able to slow down white's attack considerably with the correct 27...
Ne4! Baburin: 'This is too slow.'} (27... Ne4 $1 28. Kh1 $1 {Baburin} (28. f6
gxf6 29. gxf6 (29. Bxe4 Rxe4 30. Rxf6+ Kg8 31. Raf1 Bg4 $19) 29... Qf7 30. Qh6+
Kg8 31. Kh1 Kh8 $19) (28. Qxh7 Qb6+ 29. Kh1 Nf2+ 30. Rxf2 Qxf2 31. Qh8+ (31.
Rf1 Re1 (31... Re1 {Gofshtein,L} 32. Qh8+ Ke7 33. Qxg7+ Kd8 34. Qf8+ Kc7 $19))
31... Ke7 (31... Kf7 32. Bxd5+ Ke7 33. Qxg7+ Kd6 34. Qg6+ Kxd5 35. Qxe8 Qf3+
36. Kg1 Qg4+ $11) 32. Qxg7+ Kd8 33. Qf6+ Kc7 $19)) 28. Qxh7 Qf7 (28... Ne4 29.
f6 gxf6 (29... Qb6+ {Gofshtein,L} 30. Kh1 Nxf6 31. gxf6 gxf6 32. Ra7 $18) 30.
Qh8+ Kf7 31. Rxf6+ Nxf6 32. Qxf6+ Kg8 33. Qxe5 $18) 29. g6 Qf6 30. Ra7 Nb7 (
30... Nd7 31. Rxd7 Bxd7 32. Qh8+ Ke7 33. Qxb8 $18) 31. Ra6 $1 {[%mdl 128]
Excellent idea to use pieces on both flanks for common goal.} (31. Qh8+ Ke7 32.
Rxb7+ Rxb7 33. Qxc8 Qb6+ 34. Kh1 Rb8 35. f6+ gxf6 36. Qh3 $13) 31... Qxa6 (
31... Nd6 32. Rxd6 Qxd6 33. f6 Qc5+ 34. Kh1 Ke8 35. Qxg7 $18) 32. f6 Ke8 (32...
gxf6 33. Qf7#) 33. f7+ Kd7 34. f8=Q Re7 35. Qh3+ Kd6 (35... Qe6 36. Re1 Kc6 37.
Rxe6+ Rxe6 38. Bxd5+ Kxd5 39. Qd3+ Kc6 40. Qc4+ Kb6 41. Qf2+ $18) 36. Qg3+ 1-0

[Event "NED-ch54"]
[Site "Rotterdam "]
[Date "1999.05.31"]
[Round "3"]
[White "Van den Doel, Erik"]
[Black "Nijboer, Friso"]
[Result "1-0"]
[WhiteElo "2535"]
[BlackElo "2515"]
[Annotator "Ftacnik,L"]
[PlyCount "71"]
[EventDate "1999.05.29"]
[EventType "tourn"]
[EventRounds "11"]
[EventCountry "NED"]
[EventCategory "12"]
[SourceTitle "CBM 072"]
[Source "ChessBase"]
[SourceDate "1999.10.01"]
[SourceVersion "1"]
[SourceVersionDate "1999.10.01"]
[SourceQuality "1"]

1. e4 c5 2. Nf3 Nc6 3. d4 cxd4 4. Nxd4 e6 5. Nc3 Qc7 6. Be2 Nf6 7. O-O a6 8.
Kh1 d6 9. f4 Be7 10. Be3 O-O 11. Qe1 Bd7 12. Qg3 Kh8 13. Nf3 Nb4 14. Bd3 Nxd3
15. cxd3 b5 (15... Bc6 16. Rac1 Rac8 17. Nd4 $14) 16. e5 $1 {White hopes to
benefit from the timely opening of the center, despite two bishops firmly in
black's hands.} Ne8 17. Bd4 Bc6 18. Rae1 Rd8 (18... d5 19. Rc1 $14) 19. Ne4
dxe5 (19... d5 20. Nc5 Qa5 21. a3 $14) 20. fxe5 (20. Bxe5 Qd7 $11) 20... b4 (
20... Bxe4 21. Rxe4 f5 22. exf6 Qxg3 (22... Bxf6 23. Qe1 $16) 23. fxe7 Qd6 24.
Bc5 Rf7 25. Bxd6 Rxd6 26. Nd2 $16) 21. Qf2 Qb7 22. Bc5 Kg8 (22... Rxd3 23. Nfg5
f5 (23... Bxe4 24. Rxe4 f5 (24... Bxg5 25. Rxb4 Qd5 26. Bxf8 $16) 25. Nxe6 (25.
Rxb4 $2 Qd7 26. Bxe7 Qxe7 27. Qh4 h6 $11) 25... Qxe4 26. Bxe7 Rf7 (26... Rg8
27. Ng5 Qd5 28. Qxf5 $18) 27. Ng5 Qd5 28. Nxf7+ Qxf7 29. Bxb4 $18) 24. Bxe7 $1
Qxe7 25. Nc5 Qxg5 (25... Rd5 26. Ncxe6 Rg8 27. Qxf5 $18) 26. Nxd3 $16) 23. Rc1
Bb5 (23... Rxd3 24. Bxe7 Bxe4 25. Bxf8 Bxf3 26. Bxg7 Bxg2+ 27. Qxg2 Qxg2+ 28.
Kxg2 Kxg7 29. Rfd1 $18) 24. Nd4 Bxd3 $6 {[%mdl 64] The position is loaded with
complicated tactical lines and both players make second best choices.} (24...
Rd5 $5 25. Nxb5 axb5 26. Bxe7 Qxe7 27. d4 f6 $14) 25. Nxe6 $6 (25. Bxe7 $1 Qxe7
(25... Rxd4 26. Qxd4 Bxe4 27. Qc5 Bxg2+ 28. Kg1 Bh3 29. Rf2 Qe4 30. Qxb4 Qg6+
31. Kh1 Bf5 32. Rf4 $18) 26. Nc6 Qd7 27. Rfd1 Bxe4 (27... Rc8 28. Qb6 $18) 28.
Rxd7 Rxd7 29. Nxb4 $16) 25... Bxf1 $2 (25... Bxe4 $1 26. Nxd8 Bxd8 (26... Bxc5
27. Rxc5 Qd7 28. e6 Qxd8 29. exf7+ Kh8 30. fxe8=Q Rxe8 31. Re5 $18) 27. Bxf8 (
27. Rfe1 Bg6 28. Bxf8 Kxf8 $13) 27... Kxf8 28. e6 Nf6 29. Qc5+ Ke8 30. exf7+
Kxf7 31. Qh5+ Kf8 $13) 26. Nxd8 Bxd8 (26... Qc7 27. Qxf1 Qxd8 (27... Bxc5 28.
Qd1 Qxe5 29. Nxc5 $18) 28. Qxa6 Bxc5 29. Nxc5 $16) 27. Bxf8 Bb5 (27... Bxg2+
28. Qxg2 Kxf8 29. Nc5 $18) (27... Qxe4 28. Rxf1 Qd5 29. Bxb4 $18) 28. Nd6 {
The squirmish is over and black has lost an exchange for no compensation.} Qd7
(28... Nxd6 29. Bxd6 $18) 29. Nxb5 Kxf8 30. Nd6 Nxd6 31. Qd2 $1 (31. Qd4 Be7
32. Rd1 $18) 31... Be7 32. Rd1 a5 33. Qd5 g6 34. exd6 Bf6 35. Qxa5 Qg4 36. Qd5
1-0

[Event "Hamburg-ch int"]
[Site "Hamburg"]
[Date "1999.05.25"]
[Round "4.2"]
[White "Hansen, Sune Berg"]
[Black "Kopylov, Michael"]
[Result "1-0"]
[WhiteElo "2499"]
[BlackElo "2421"]
[Annotator "Ftacnik,L"]
[PlyCount "69"]
[EventDate "1999.05.22"]
[EventType "swiss"]
[EventRounds "9"]
[EventCountry "GER"]
[SourceTitle "CBM 072"]
[Source "ChessBase"]
[SourceDate "1999.10.01"]
[SourceVersion "1"]
[SourceVersionDate "1999.10.01"]
[SourceQuality "1"]

1. e4 c5 2. Nf3 d6 3. d4 cxd4 4. Nxd4 Nf6 5. Nc3 a6 6. Be2 e6 7. O-O Be7 8. f4
Qc7 9. Kh1 Nc6 10. a4 O-O 11. Be3 Rd8 12. Bd3 Nxd4 13. Bxd4 e5 14. Bg1 Be6 15.
a5 Qc6 16. Bb6 Rd7 17. Qe2 (17. f5 Bc4 18. Qe2 d5 19. Bxc4 dxc4 20. Rfd1 $14)
17... Rc8 18. Ra4 (18. f5 Bc4 19. Rfd1 Bd8 20. Bf2 d5 21. Bxc4 dxc4 $14) 18...
exf4 19. Rxf4 Ne8 (19... Bd8 $2 20. e5 $1 Bxb6 21. axb6 dxe5 22. Rfc4 Bxc4 23.
Rxc4 $18) 20. Bd4 Bg5 21. Rf5 $5 {Hansen is toying with the idea of Rc4, since
the rook on d7 square blocks the retreat of the black queen.} Bf6 (21... Bxf5
22. Rc4 $1 Be6 23. Rxc6 Rxc6 24. Nd5 $14) (21... Bc1 $5 22. Rb4 Bxf5 23. Rc4
Qxc4 24. Bxc4 Bxb2 25. exf5 Bxc3 26. Bxc3 Rdc7 27. Bd5 Rxc3 28. Qe7 Nf6 29.
Bxf7+ Kh8 30. Qxb7 Rxc2 31. h3 $14) 22. Bxf6 Nxf6 (22... Bxf5 $2 23. Rc4 $18)
23. Rxf6 $5 (23. Rf4 Re7 $11) 23... gxf6 24. Qf3 Qc5 (24... Kg7 25. Qg3+ Kf8
26. Qh4 Kg7 27. Ra1 Qc7 28. Nd5 Bxd5 29. exd5 Rh8 30. Rf1 Qd8 31. Qg4+ Kf8 $13)
25. Nd5 Bxd5 (25... Rdd8 26. Qxf6 Re8 27. Ne7+ Rxe7 28. Qxe7 Bb3 29. Ra3 Qe3
30. Ra1 Bxc2 31. Qxb7 $18) 26. Qg4+ Kh8 $2 {[%mdl 256] Probably an intuitive
retreat of the king, unfortunatelly here it is completely false. In many lines
his majesty would be safer and also closer to the center after the more
courageous 26...Kf8.} (26... Kf8 $1 27. Qxd7 (27. exd5 $2 Re7 28. Ra1 Rce8 $19)
27... Re8 (27... Qc6 28. Qxc6 Bxc6 29. Rd4 Ke7 30. Kg1 $14) 28. Qf5 (28. Qh3
Qf2 29. Qg3 Qxg3 30. hxg3 Bc6 $11) 28... Qe3 29. h3 (29. exd5 Qxd3 $1) 29...
Bc6 30. Ra1 $11) 27. exd5 Qe3 (27... Re7 $2 28. Qh4 $18) 28. Ra1 Rdd8 $2 (28...
Rcd8 29. Qh4 (29. Qh5 h6 30. Qf5 Kg7 31. Rf1 Qg5 32. Qh7+ Kf8 33. Qh8+ Qg8 34.
Qxh6+ Qg7 35. Qh4 Re8 $13) 29... h6 30. Qxf6+ Kg8 31. Rf1 $16) 29. Qh5 Kg7 30.
Qxh7+ Kf8 31. Rf1 Ke7 32. Qh4 Rh8 33. Qxf6+ Kd7 34. Qxf7+ Kd8 35. Bf5 1-0

[Event "CRO-chT 15th"]
[Site "Sibenik"]
[Date "2006.09.23"]
[Round "2"]
[White "Delchev, Aleksander"]
[Black "Cvitan, Ognjen"]
[Result "1-0"]
[WhiteElo "2637"]
[BlackElo "2539"]
[Annotator "Ftacnik,L"]
[PlyCount "55"]
[EventDate "2006.09.22"]
[EventType "team"]
[EventRounds "11"]
[EventCountry "CRO"]
[SourceTitle "CBM 114 Extra"]
[Source "ChessBase"]
[SourceDate "2006.11.03"]
[SourceVersion "1"]
[SourceVersionDate "2006.11.03"]
[SourceQuality "1"]

1. e4 c5 2. Nf3 d6 3. d4 cxd4 4. Nxd4 Nf6 5. Nc3 a6 6. Be2 e6 7. f4 Qc7 8. O-O
Be7 9. a4 Nc6 10. Be3 O-O 11. Kh1 Re8 12. Qd2 Bd7 13. Nb3 b6 14. Rad1 Bc8 15.
Bf3 Rb8 16. Qf2 Nd7 17. e5 {White is realizing a dream idea of opening the pay.
His pieces enjoy more space and better coordination, Black is restrained on 3
ranks.} (17. Qg3 Bf8 18. f5 (18. h4 b5 19. axb5 axb5 20. Be2 Ba6 21. h5 b4 22.
Bxa6 bxc3 23. bxc3 Nf6 24. Qf3 d5 25. e5 Ne4 26. c4 {1-0 Tseshkovsky,V (2520)
-Shestoperov,A/Simferopol 1989/ (45)}) 18... Nce5 19. Be2 Kh8 20. Nd4 Bb7 21.
Qh3 exf5 22. Nxf5 Nc5 23. Bd3 Qd7 24. Rf4 g6 25. Rh4 f6 $15 {0-1 Gurevich,I 
(2575)-Sadler,M (2535)/Hastings 1993/ (36)}) 17... Rf8 $6 (17... dxe5 18. fxe5
(18. Bxc6 Qxc6 19. fxe5 Rf8 20. Qg3 Kh8 21. Bg5 Bxg5 22. Qxg5 h6 23. Qg3 Bb7
24. Rd6 $14) 18... Ncxe5 19. Bf4 f6 20. Nd4 Bc5 21. Ne4 (21. Qg3 Bb7 22. Bxb7
Rxb7 23. Nf3 $11) 21... Bb7 22. Qg3 Kh8 23. c3 Bd5 24. Rfe1 Bf8 25. Ng5 fxg5
26. Bxe5 Nxe5 27. Qxe5 Qxe5 28. Rxe5 $11 {1/2 Hatskevich,O-Bairachny,R (2315)/
Yalta 1996/ (44)}) (17... d5 18. Nd4 Nb4 19. Qg3 g6 20. h4 Bf8 21. h5 Bb7 $11)
18. exd6 Bxd6 19. Bxc6 $5 {[%mdl 32] Delchev was in a truly aggressive mode.
The exchange of the light squared bishop can only be justified by serious
positional gains.} (19. Nd4 Nxd4 (19... Bb7 20. Ncb5 axb5 21. Nxb5 $18) 20.
Rxd4 Nf6 (20... e5 21. fxe5 Nxe5 22. Nd5 Qd8 23. Rfd1 $16) 21. Rfd1 Bc5 22.
R4d3 Bb7 $14) 19... Qxc6 20. Nd4 Qc4 (20... Qc7 21. Ndb5 $1 $18) (20... Qb7 21.
Nxe6 fxe6 22. Rxd6 $18) 21. Nf5 $1 {The real heat of the action comes at the
moment, when Cvitan is not yet fully prepared to take it.} exf5 (21... Ba3 22.
Rd4 (22. Nd6 Bxd6 23. Rxd6 Qb4 24. Rd3 Qxb2) 22... Qc6 23. Nxg7 Bxb2 (23...
Kxg7 24. bxa3 $16) 24. Nh5 f5 25. Qg3+ Kf7 26. Qg7+ Ke8 27. Rd3 $16) 22. Rxd6
Qb4 23. Rfd1 Re8 (23... Qxb2 24. Nd5 $1 Re8 25. Re1 $18) 24. h4 {Due to
opposite coloured bishops and domineering pieces in the center White has every
right to start kingside attack.} (24. Rxd7 Bxd7 25. Rxd7 Qxb2 26. Qd2 Qa1+ 27.
Bg1 h6 $14) 24... Nf8 (24... Qxb2 25. Bd4 (25. Nd5 $6 Qa3 26. Nxb6 Nxb6 27.
Bxb6 Bb7 $17) 25... Qa3 26. Rc6 $40) 25. h5 (25. Bxb6 Qxb2 26. Ba7 $1 Ra8 (
26... Rb7 27. Rd8 Rbe7 28. Nd5 Re2 29. Qxe2 Rxe2 30. Ne7+ Rxe7 31. Rxf8+ Kxf8
32. Rd8+ Re8 33. Bc5+ $18) 27. Nd5 Ne6 28. Ne7+ Kh8 29. Nxf5 $16) 25... Qxb2
26. Bd4 Ne6 (26... Qa3 27. Qg3 f6 28. Bxf6 Rb7 29. Rxb6 $18) 27. h6 $1 {
Delchev can claim success, in no time black dark squares are shattered and his
pieces are still not coordinated.} f6 (27... Nxd4 28. Qxd4 f6 29. Qd5+ Kf8 30.
Rd8 $18) (27... g6 28. Qh4 Nxd4 29. Qf6 $18) 28. Bxf6 (28. Bxf6 gxf6 29. Rxe6
Qxc3 30. Rxe8+ $18) 1-0